[Event "LXIV C.to Italiano"]
[Site "Montecatini Terme ITA"]
[Date "2005.02.04"]
[Round "7"]
[White "Piscopo, Pierluigi"]
[Black "Rossi, Carlo"]
[Result "1-0"]
[WhiteElo "2344"]
[BlackElo "2367"]
[PlyCount "155"]
[EventDate "2005.01.29"]

1. e4 Nf6 2. e5 Ng8 3. d4 d5 4. Nd2 c5 5. dxc5 Qc7 6. Ngf3 Nc6 7. Bb5 Qa5 8.
Be2 Qxc5 9. O-O e6 10. c4 Nge7 11. b3 Bd7 12. Bb2 Nf5 13. Rc1 Qb6 14. cxd5 exd5
15. Nb1 Be6 16. Nc3 Rd8 17. Bd3 Be7 18. Nb5 O-O 19. Nbd4 Nfxd4 20. Nxd4 Bc8 21.
Nxc6 bxc6 22. Qc2 Bg5 23. Bxh7+ Kh8 24. Rcd1 Bg4 25. Rd4 Bc8 26. b4 Rde8 27.
Bf5 Rxe5 28. Bxc8 Rxc8 29. Rg4 Rce8 30. Bxe5 Rxe5 31. a3 Bh6 32. Rg3 Re6 33.
Rc3 Kg8 34. g3 g6 35. Rf3 a5 36. Rb1 Bf8 37. Qc1 axb4 38. axb4 Re4 39. Qg5 Be7
40. Qh6 Bxb4 41. h4 Qc7 42. h5 Bf8 43. Qg5 Re5 44. Qf4 g5 45. Qg4 Bh6 46. Rfb3
Re8 47. Rb7 Qd6 48. Qf3 Rf8 49. Qf5 g4 50. R1b4 d4 51. Qxg4+ Bg7 52. Rb3 Qh6
53. Rf3 c5 54. Rc7 Qd6 55. h6 Qxh6 56. Rxc5 Qa6 57. Rg5 Qh6 58. Qf5 d3 59. Rxd3
Ra8 60. Rh5 Ra1+ 61. Kh2 Qb6 62. Rd7 Qf6 63. Qxf6 Bxf6 64. Rf5 Kg7 65. g4 Re1
66. Kg2 Be7 67. Rf3 Re4 68. Kg3 Re6 69. Rfd3 Bf6 70. f4 Ra6 71. g5 Bb2 72. f5
Be5+ 73. Kg4 Ra4+ 74. Kh5 Rf4 75. f6+ Kg8 76. Rd8+ Kh7 77. R3d7 Bxf6 78. Rxf7+
1-0

[Event "LXIV C.to Italiano"]
[Site "Montecatini Terme ITA"]
[Date "2005.02.04"]
[Round "7"]
[White "Sabia, Corrado"]
[Black "Cocchi, Andrea"]
[Result "0-1"]
[WhiteElo "2173"]
[BlackElo "2290"]
[PlyCount "60"]
[EventDate "2005.01.29"]

1. e4 e6 2. d4 d5 3. Nc3 dxe4 4. Nxe4 Bd7 5. Nf3 Bc6 6. Bd3 Nd7 7. c4 Ngf6 8.
Nc3 Be7 9. O-O Bxf3 10. Qxf3 c6 11. Re1 O-O 12. Bf4 Re8 13. Rad1 Qa5 14. Be5
Rad8 15. Qh3 g6 16. Re3 Nxe5 17. dxe5 Nd7 18. Rde1 Nc5 19. Bb1 Rd4 20. Rf3 Rh4
21. Qg3 Rxc4 22. Qh3 Rh4 23. Qg3 Rd8 24. Rf4 Rxf4 25. Qxf4 Nd3 26. Bxd3 Rxd3
27. g3 Qb4 28. Qc1 Qd4 29. Re4 Rxc3 30. Qe1 Rc1 0-1

[Event "LXIV C.to Italiano"]
[Site "Montecatini Terme ITA"]
[Date "2005.02.05"]
[Round "8"]
[White "Bruno, Fabio"]
[Black "Sabia, Corrado"]
[Result "1-0"]
[WhiteElo "2379"]
[BlackElo "2173"]
[PlyCount "57"]
[EventDate "2005.01.29"]

1. d4 d5 2. Bf4 Nf6 3. e3 g6 4. c4 Bg7 5. Nc3 c5 6. dxc5 O-O 7. cxd5 Qa5 8. Qd2
Rd8 9. Rd1 Qxc5 10. e4 e6 11. Nf3 exd5 12. exd5 Nbd7 13. Be2 Nb6 14. d6 Be6 15.
O-O Nc8 16. Nd4 Bg4 17. Nb3 Qb4 18. Rfe1 Bf8 19. Ne4 Qxe4 20. Bxg4 Qa4 21. Nc5
Qb5 22. Nxb7 Qxb7 23. Bf3 Qb8 24. d7 Nd6 25. Bxd6 Bxd6 26. Qxd6 Kg7 27. Bxa8
Qxa8 28. Re7 Qb7 29. Qe6 1-0

[Event "LXIV C.to Italiano"]
[Site "Montecatini Terme ITA"]
[Date "2005.02.05"]
[Round "8"]
[White "Cocchi, Andrea"]
[Black "Piscopo, Pierluigi"]
[Result "1-0"]
[WhiteElo "2290"]
[BlackElo "2344"]
[PlyCount "117"]
[EventDate "2005.01.29"]

1. Nf3 g6 2. e4 c5 3. d4 cxd4 4. Nxd4 Bg7 5. c4 Nc6 6. Be3 d6 7. Nc3 Nh6 8. Be2
O-O 9. Qd2 Ng4 10. Bxg4 Bxg4 11. O-O Bd7 12. f3 f5 13. Nxc6 Bxc6 14. exf5 Rxf5
15. Bd4 Qf8 16. Bxg7 Qxg7 17. Rae1 a6 18. Re3 Raf8 19. Rfe1 R8f7 20. Ne2 Bd7
21. b3 g5 22. Ng3 Rc5 23. Qe2 g4 24. Rxe7 gxf3 25. Rxf7 Qxf7 26. Qxf3 Qxf3 27.
gxf3 Bc6 28. Kf2 Kf8 29. Ne4 Rf5 30. Re3 d5 31. Ng3 Rf4 32. Ne2 Rf6 33. cxd5
Bxd5 34. Nd4 Kf7 35. Re5 Bc6 36. h4 Bd7 37. Rc5 Rf4 38. Rd5 Ke7 39. Kg3 Rf6 40.
f4 Rg6+ 41. Kf3 Bg4+ 42. Ke4 Rh6 43. Rg5 Rxh4 44. Rg7+ Ke8 45. Rxb7 Rh1 46. f5
h5 47. Ke5 h4 48. Kf6 Rf1 49. Rh7 h3 50. Kg5 Rg1 51. Ne6 Bxf5+ 52. Kxf5 Rg2 53.
Rxh3 Rxa2 54. Ke5 Kd7 55. Kd5 Rd2+ 56. Nd4 Kc7 57. Kc5 Rd1 58. Rh7+ Kc8 59. Nc6
1-0

[Event "LXIV C.to Italiano"]
[Site "Montecatini Terme ITA"]
[Date "2005.02.05"]
[Round "8"]
[White "Vezzosi, Paolo"]
[Black "Buchicchio, Giampaolo"]
[Result "1/2-1/2"]
[WhiteElo "2366"]
[BlackElo "2288"]
[PlyCount "126"]
[EventDate "2005.01.29"]

1. e4 c5 2. Nc3 Nc6 3. g3 g6 4. Bg2 Bg7 5. f4 e6 6. Nf3 d6 7. O-O Nge7 8. d3
O-O 9. Be3 Nd4 10. Qd2 d5 11. Bf2 Nxf3+ 12. Bxf3 d4 13. Ne2 e5 14. Bg2 f6 15.
c4 Be6 16. a3 a5 17. b4 cxb4 18. axb4 b6 19. Be1 Nc6 20. b5 Nb8 21. Nc1 Qc8 22.
Qd1 Nd7 23. f5 Bf7 24. fxg6 hxg6 25. Bh3 Qc7 26. Ra2 Nc5 27. Nb3 Nxd3 28. Qxd3
Qxc4 29. Qxc4 Bxc4 30. Rf3 Bxb5 31. Be6+ Kh7 32. Bd2 Bh6 33. Rc2 Ra7 34. Bxh6
Kxh6 35. Nc1 Ba4 36. Rb2 Rc7 37. Nd3 Bc6 38. Nxe5 Bxe4 39. Rf4 f5 40. Rxb6 Kg7
41. Nxg6 Rf6 42. Nh4 d3 43. Rd6 d2 44. Rxd2 Rxe6 45. Nxf5+ Kh7 46. Nd6 Bg6 47.
Rh4+ Kg8 48. Rc4 Rd7 49. Rcd4 a4 50. Nb5 Rxd4 51. Rxd4 Ra6 52. Na3 Bf7 53. Kf2
Be8 54. Re4 Kf7 55. g4 Rb6 56. Nc2 Ra6 57. Re3 Bb5 58. Na3 Bd7 59. Kg3 Kf6 60.
Rd3 Be8 61. Kf4 Rb6 62. h4 Rb4+ 63. Kg3 Rb3 1/2-1/2

[Event "LXIV C.to Italiano"]
[Site "Montecatini Terme ITA"]
[Date "2005.02.06"]
[Round "9"]
[White "Buchicchio, Giampaolo"]
[Black "Contin, Daniel"]
[Result "0-1"]
[WhiteElo "2288"]
[BlackElo "2371"]
[PlyCount "106"]
[EventDate "2005.01.29"]

1. e4 e6 2. d4 d5 3. Nc3 Bb4 4. e5 c5 5. a3 Bxc3+ 6. bxc3 Ne7 7. Nf3 Bd7 8. a4
Qa5 9. Bd2 Nbc6 10. Bb5 Qc7 11. O-O f6 12. exf6 gxf6 13. Bc1 c4 14. Bh6 Rg8 15.
Qd2 Ng6 16. h4 O-O-O 17. h5 Nge7 18. Bf4 e5 19. dxe5 fxe5 20. Nxe5 Nxe5 21. Qe3
N7c6 22. Bxc6 Bxc6 23. Bxe5 d4 24. Qh3+ Qd7 25. Qxd7+ Rxd7 26. f3 d3 27. Bd4
dxc2 28. Kh2 Re7 29. Rf2 Bxa4 30. Bxa7 b5 31. Bd4 Rge8 32. Rc1 Re2 33. Kg1 Re1+
34. Rf1 Rxc1 35. Rxc1 Rd8 36. Be3 Rd3 37. Kf2 Rxc3 38. Bd2 Ra3 39. g4 c3 40.
Be3 b4 41. g5 Be8 42. g6 Ra5 43. Rh1 Bxg6 44. hxg6 hxg6 45. Bd4 Rh5 46. Rc1
Rh2+ 47. Ke3 Rd2 48. Bg7 Kd7 49. Ke4 Kc6 50. Kf4 Kb5 51. Ke4 Kc4 52. Bf8 b3 53.
Ra1 Re2+ 0-1

[Event "LXIV C.to Italiano"]
[Site "Montecatini Terme ITA"]
[Date "2005.02.06"]
[Round "9"]
[White "Cacco, Christian"]
[Black "Di Caro, Calogero"]
[Result "1/2-1/2"]
[WhiteElo "2282"]
[BlackElo "2397"]
[PlyCount "117"]
[EventDate "2005.01.29"]

1. d4 Nf6 2. Nf3 e6 3. c4 b6 4. e3 Bb7 5. Bd3 d5 6. O-O dxc4 7. Bxc4 a6 8. Be2
Nbd7 9. b3 c5 10. Bb2 Bd6 11. Nbd2 O-O 12. Rc1 Qb8 13. h3 Bd5 14. Rc2 Qb7 15.
Qa1 cxd4 16. Bxd4 b5 17. Rfc1 Rfe8 18. Bb2 e5 19. Ne1 e4 20. Rd1 Ne5 21. Nf1 a5
22. Qb1 a4 23. bxa4 bxa4 24. Bd4 Qe7 25. Nd2 Qe6 26. Qa1 Bb3 27. axb3 axb3 28.
Nxb3 Rxa1 29. Bxa1 Qxb3 30. Rxd6 Nd3 31. Bxd3 exd3 32. Rxd3 Qb1 33. Bc3 h6 34.
Rb2 Qa1 35. Re2 Qa6 36. Bxf6 Qxf6 37. Red2 Re6 38. Rd4 Ra6 39. Rd1 Ra2 40. Nf3
g6 41. R4d2 Ra6 42. Rd4 Kg7 43. Rc1 Ra7 44. Rcd1 Qe6 45. Rd6 Qf5 46. R6d5 Qc2
47. R5d2 Qc7 48. Rd4 Ra6 49. Rd7 Qc3 50. R1d3 Qb2 51. Rd2 Qb8 52. Rd8 Ra1+ 53.
Rd1 Qxd8 54. Rxa1 Qd5 55. Nh2 h5 56. Nf1 f6 57. Ra4 Qd1 58. Rd4 Qe1 59. h4
1/2-1/2

[Event "LXIV C.to Italiano"]
[Site "Montecatini Terme ITA"]
[Date "2005.02.06"]
[Round "9"]
[White "Piscopo, Pierluigi"]
[Black "Bruno, Fabio"]
[Result "1/2-1/2"]
[WhiteElo "2344"]
[BlackElo "2379"]
[PlyCount "25"]
[EventDate "2005.01.29"]

1. d4 d5 2. Nf3 Nf6 3. c4 c6 4. Nc3 e6 5. cxd5 exd5 6. Bg5 Be7 7. Qc2 Nbd7 8.
e3 O-O 9. Bd3 Re8 10. O-O Nf8 11. h3 g6 12. Bxf6 Bxf6 13. b4 1/2-1/2

[Event "LXIV C.to Italiano"]
[Site "Montecatini Terme ITA"]
[Date "2005.02.06"]
[Round "9"]
[White "Rossi, Carlo"]
[Black "Cocchi, Andrea"]
[Result "1-0"]
[WhiteElo "2367"]
[BlackElo "2290"]
[PlyCount "83"]
[EventDate "2005.01.29"]

1. e4 c5 2. Nf3 e6 3. b4 cxb4 4. d4 d6 5. a3 Nf6 6. Bd3 Nc6 7. O-O Be7 8. Re1
bxa3 9. Nxa3 e5 10. d5 Nb8 11. Nb5 O-O 12. Nxa7 Bd7 13. Bd2 Na6 14. Nb5 Nc5 15.
Rb1 Bxb5 16. Rxb5 Nfd7 17. Be3 Ra4 18. Bxc5 Nxc5 19. Nd2 Qc7 20. g3 Rfa8 21.
Nb3 Nxb3 22. Rxb3 g6 23. Qd2 Ra1 24. Rbb1 Rxb1 25. Rxb1 Kg7 26. Qb4 Ra7 27. Qb5
h5 28. Kg2 Bg5 29. Qb4 Bd8 30. f4 Be7 31. Rf1 h4 32. gxh4 Bxh4 33. fxe5 dxe5
34. d6 Qd7 35. Qc5 Qg4+ 36. Kh1 b6 37. Qxe5+ f6 38. Qd5 Ra5 39. Qb7+ Kh6 40.
Qb8 f5 41. Qh8+ Kg5 42. Rg1 1-0

[Event "LXIV C.to Italiano"]
[Site "Montecatini Terme ITA"]
[Date "2005.02.06"]
[Round "9"]
[White "Sabia, Corrado"]
[Black "Vezzosi, Paolo"]
[Result "0-1"]
[WhiteElo "2173"]
[BlackElo "2366"]
[PlyCount "98"]
[EventDate "2005.01.29"]

1. e4 g6 2. d4 Bg7 3. Nc3 d6 4. Be3 a6 5. Qd2 b5 6. Bd3 Bb7 7. a4 b4 8. Nce2 a5
9. Nf3 Nd7 10. O-O Ngf6 11. Ng3 O-O 12. h3 c5 13. c3 bxc3 14. bxc3 Qc7 15. Bh6
e5 16. d5 c4 17. Bc2 Nc5 18. Qg5 Ne8 19. Nh2 f6 20. Qe3 Ba6 21. Ng4 Rb8 22. Ra2
Bc8 23. Bxg7 Nxg7 24. Nh6+ Kh8 25. f4 Bd7 26. Kh2 exf4 27. Rxf4 Rbe8 28. Qf2
Qd8 29. Qf1 Re5 30. Qxc4 Nh5 31. Nxh5 Rxh5 32. Ng4 g5 33. Rf5 Rh4 34. g3 Bxf5
35. gxh4 Bxg4 36. hxg4 gxh4 37. e5 fxe5 38. Bf5 Qe7 39. Rb2 Qg5 40. Re2 h5 41.
Rg2 hxg4 42. Qxg4 Qxg4 43. Bxg4 Ne4 44. c4 Rf2 45. Bd1 Rxg2+ 46. Kxg2 Kg7 47.
Bc2 Nd2 48. Kh3 Kf6 49. Kxh4 e4 0-1

[Event "XII Weekend Nervi"]
[Site "Genova ITA"]
[Date "2005.02.05"]
[Round "1"]
[White "Astengo, Marcello"]
[Black "Guido, Giuseppe"]
[Result "1-0"]
[WhiteElo "2074"]
[BlackElo "1589"]
[PlyCount "73"]
[EventDate "2005.02.05"]

1. d4 Nf6 2. c4 e6 3. Nc3 d5 4. Bg5 c6 5. cxd5 exd5 6. Qc2 Be7 7. e3 O-O 8. Bd3
Nbd7 9. Nge2 h6 10. Bh4 Re8 11. O-O Nf8 12. f3 Nh5 13. Bxe7 Qxe7 14. e4 Qg5 15.
f4 Qh4 16. exd5 cxd5 17. Nxd5 Bg4 18. Qd2 Rac8 19. Ne3 Ne6 20. Nxg4 Qxg4 21.
Rac1 Rxc1 22. Qxc1 g6 23. d5 Neg7 24. Nd4 Qh4 25. Qd2 Qd8 26. Bb5 Re7 27. Qb4
Rc7 28. d6 Rc8 29. d7 Rc7 30. Qd6 Nf5 31. Nxf5 gxf5 32. Re1 Kg7 33. Re8 Rc1+
34. Bf1 Rxf1+ 35. Kxf1 Qa5 36. Qe5+ Qxe5 37. fxe5 1-0

[Event "XII Weekend Nervi"]
[Site "Genova ITA"]
[Date "2005.02.05"]
[Round "1"]
[White "Cirabisi, Federico"]
[Black "Spinetta, Gianni"]
[Result "1-0"]
[WhiteElo "2107"]
[BlackElo "1610"]
[PlyCount "51"]
[EventDate "2005.02.05"]

1. e4 c5 2. Nf3 e6 3. b4 cxb4 4. d4 Nc6 5. d5 exd5 6. exd5 Qf6 7. dxc6 Qxa1 8.
Be3 bxc6 9. Bc4 d5 10. Bd4 Qxb1 11. Qxb1 dxc4 12. O-O Be7 13. Bxg7 Bf6 14. Bxh8
Bxh8 15. Qxb4 Bf6 16. Qxc4 Be6 17. Qxc6+ Kf8 18. Qxa8+ Kg7 19. Qxa7 Ne7 20. Nd4
Bd5 21. Re1 Nc6 22. Nxc6 Bxc6 23. Qc5 Ba4 24. Re4 Bd7 25. c3 Be6 26. Rxe6 1-0

[Event "XII Weekend Nervi"]
[Site "Genova ITA"]
[Date "2005.02.05"]
[Round "1"]
[White "Denili, Fabio"]
[Black "Squarci, Franco"]
[Result "0-1"]
[WhiteElo "1446"]
[BlackElo "1873"]
[PlyCount "56"]
[EventDate "2005.02.05"]

1. e4 c5 2. Nf3 e6 3. d4 cxd4 4. Nxd4 Nf6 5. Nc3 Bb4 6. Bd3 Nc6 7. a3 Qa5 8.
Nxc6 Bxc3+ 9. bxc3 Qxc3+ 10. Bd2 Qxc6 11. Qe2 b6 12. O-O Bb7 13. f3 O-O 14. a4
a6 15. c4 e5 16. Be3 a5 17. Rfb1 Ba6 18. Bxb6 d6 19. Be3 Rfb8 20. Rc1 Rb4 21.
Qc2 Rab8 22. Qd1 Nd7 23. Bd2 Rb2 24. Rc2 Nc5 25. Be2 R2b3 26. Rca2 Qb6 27. Rc2
Nd3+ 28. Kh1 Nf2+ 0-1

[Event "XII Weekend Nervi"]
[Site "Genova ITA"]
[Date "2005.02.05"]
[Round "1"]
[White "Gromovs, Sergejs"]
[Black "Pesce, Leandro"]
[Result "1-0"]
[WhiteElo "2335"]
[BlackElo "1623"]
[PlyCount "67"]
[EventDate "2005.02.05"]

1. d4 Nf6 2. Nf3 g6 3. c4 Bg7 4. Nc3 O-O 5. e4 d6 6. Be2 e5 7. O-O Nc6 8. d5
Ne7 9. b4 Nd7 10. Re1 f5 11. Ng5 Nf6 12. c5 h6 13. Ne6 Bxe6 14. dxe6 fxe4 15.
cxd6 cxd6 16. b5 Qc8 17. Qb3 d5 18. Ba3 Qxe6 19. Bxe7 Qxe7 20. Nxd5 Nxd5 21.
Qxd5+ Qf7 22. Qxf7+ Kxf7 23. Bc4+ Ke7 24. Bd5 g5 25. Rac1 a5 26. Bxb7 Rad8 27.
Rc7+ Kf6 28. Bxe4 Rd6 29. g3 Rfd8 30. Kg2 Rb8 31. h3 Rxb5 32. Re3 Bh8 33. Rf3+
Ke6 34. Bf5+ 1-0

[Event "XII Weekend Nervi"]
[Site "Genova ITA"]
[Date "2005.02.05"]
[Round "1"]
[White "Pugliese, Giuseppe"]
[Black "Manfredi, Vincenzo"]
[Result "0-1"]
[WhiteElo "1615"]
[BlackElo "2185"]
[PlyCount "54"]
[EventDate "2005.02.05"]

1. e4 c5 2. Nf3 Nc6 3. d4 cxd4 4. Nxd4 Qc7 5. Nc3 e6 6. Be2 a6 7. O-O Nf6 8.
Be3 Bb4 9. Nxc6 Bxc3 10. Nd4 Bxb2 11. Rb1 Ba3 12. Rb3 Bd6 13. Qd3 Bxh2+ 14. Kh1
Bf4 15. Bc1 Bxc1 16. Rxc1 O-O 17. Bf3 d5 18. exd5 exd5 19. Re1 Qf4 20. g3 Qg5
21. Qe2 b5 22. Re3 Ne4 23. Rxe4 dxe4 24. Bxe4 Bg4 25. Bf3 Bxf3+ 26. Nxf3 Qd5
27. Kg1 h6 0-1

[Event "XII Weekend Nervi"]
[Site "Genova ITA"]
[Date "2005.02.06"]
[Round "2"]
[White "Baggiani, Fabio"]
[Black "Astengo, Marcello"]
[Result "0-1"]
[WhiteElo "1762"]
[BlackElo "2074"]
[PlyCount "60"]
[EventDate "2005.02.05"]

1. e4 e6 2. d3 d5 3. Nd2 c5 4. Ngf3 Nc6 5. g3 g6 6. Bg2 Bg7 7. O-O Nge7 8. Re1
O-O 9. Nf1 b5 10. h4 Ba6 11. e5 Rc8 12. N1h2 d4 13. Ng4 Nd5 14. Nh6+ Kh8 15.
Bg5 Qc7 16. Ng4 Qb6 17. Bh6 Bxh6 18. Nxh6 c4 19. Ng4 h5 20. Nf6 Nxf6 21. exf6
Qd8 22. Ne5 Nxe5 23. Rxe5 Qxf6 24. Qe2 Rc7 25. Re1 Rfc8 26. Qe4 cxd3 27. cxd3
Rc1 28. Qf3 Qxe5 29. Rxc1 Rxc1+ 30. Kh2 Kg7 0-1

[Event "XII Weekend Nervi"]
[Site "Genova ITA"]
[Date "2005.02.06"]
[Round "2"]
[White "Manfredi, Vincenzo"]
[Black "Brun, Dario"]
[Result "1-0"]
[WhiteElo "2185"]
[BlackElo "1853"]
[PlyCount "65"]
[EventDate "2005.02.05"]

1. Nf3 Nf6 2. c4 e6 3. g3 d5 4. Bg2 Bd6 5. O-O c6 6. b3 Nbd7 7. d4 e5 8. cxd5
Nxd5 9. e4 N5f6 10. Bb2 Qe7 11. Nbd2 b5 12. Qc2 Bb7 13. Rfe1 O-O 14. Rad1 c5
15. dxe5 Nxe5 16. Nh4 Bb8 17. Nf5 Qc7 18. f4 Nc6 19. Nf3 Nb4 20. Qb1 c4 21. Be5
Qc5+ 22. Bd4 Qc7 23. bxc4 Qxc4 24. Ne7+ Kh8 25. e5 Nfd5 26. Ng5 Qc2 27. Nxd5
Bxd5 28. Qxc2 Nxc2 29. Bxd5 Nxe1 30. Bxa8 Nc2 31. Bc5 Rc8 32. Bb7 Rxc5 33. Rd8#
1-0

[Event "XII Weekend Nervi"]
[Site "Genova ITA"]
[Date "2005.02.06"]
[Round "2"]
[White "Pesce, Gabriele"]
[Black "Cirabisi, Federico"]
[Result "0-1"]
[WhiteElo "1802"]
[BlackElo "2107"]
[PlyCount "26"]
[EventDate "2005.02.05"]

1. e4 Nf6 2. e5 Nd5 3. d4 d6 4. c4 Nb6 5. Nc3 dxe5 6. dxe5 Qxd1+ 7. Kxd1 Nc6 8.
Bf4 Bg4+ 9. f3 Be6 10. b3 g6 11. Kc2 Bg7 12. Re1 O-O-O 13. Bd3 Nb4+ 0-1

[Event "XII Weekend Nervi"]
[Site "Genova ITA"]
[Date "2005.02.06"]
[Round "2"]
[White "Squarci, Franco"]
[Black "Gromovs, Sergejs"]
[Result "0-1"]
[WhiteElo "1873"]
[BlackElo "2335"]
[PlyCount "84"]
[EventDate "2005.02.05"]

1. Nf3 d5 2. d4 Bf5 3. Ne5 e6 4. Nd2 Bd6 5. Ndf3 Ne7 6. e3 O-O 7. Be2 f6 8. Nd3
Nd7 9. Nd2 e5 10. g4 Be4 11. f3 Bg6 12. c3 Re8 13. Nf1 c5 14. h4 cxd4 15. exd4
exd4 16. cxd4 Nc6 17. Be3 Qb6 18. h5 Bf7 19. Kf2 Nxd4 20. Qa4 Rxe3 21. Nxe3 Nc5
22. Qd1 Re8 23. Re1 Rxe3 24. Kxe3 Ndb3 25. f4 Nxd3+ 26. Kxd3 Nxa1 27. Qxa1 Bxf4
28. Qd1 Qxb2 29. Bf3 Qxa2 30. Qc2 Qa6+ 31. Kc3 Qa3+ 32. Kd4 Be5+ 33. Rxe5 fxe5+
34. Kxe5 Qe3+ 35. Kd6 Qxf3 36. Qc8+ Be8 37. Qxe8+ Qf8+ 38. Qxf8+ Kxf8 39. Kxd5
a5 40. g5 a4 41. g6 h6 42. Kc5 a3 0-1

[Event "XII Weekend Nervi"]
[Site "Genova ITA"]
[Date "2005.02.06"]
[Round "2"]
[White "Tamburini, Lorenzo"]
[Black "Caputi, Giuliano"]
[Result "1-0"]
[WhiteElo "2086"]
[BlackElo "1763"]
[PlyCount "47"]
[EventDate "2005.02.05"]

1. e4 c5 2. Nf3 d6 3. d4 cxd4 4. Nxd4 Nf6 5. Bb5+ Bd7 6. Bxd7+ Qxd7 7. f3 e6 8.
c4 Be7 9. O-O O-O 10. Nc3 Nc6 11. Nde2 Rfd8 12. Be3 d5 13. cxd5 exd5 14. exd5
Nxd5 15. Nxd5 Qxd5 16. Qxd5 Rxd5 17. Rad1 Re5 18. Kf2 Re8 19. Ng3 Bc5 20. Bxc5
Rxc5 21. Rd2 g6 22. Ne4 Rd8 23. Rxd8+ Nxd8 24. Nxc5 1-0

[Event "XII Weekend Nervi"]
[Site "Genova ITA"]
[Date "2005.02.06"]
[Round "3"]
[White "Astengo, Marcello"]
[Black "Manfredi, Vincenzo"]
[Result "0-1"]
[WhiteElo "2074"]
[BlackElo "2185"]
[PlyCount "78"]
[EventDate "2005.02.05"]

1. d4 Nf6 2. c4 d6 3. Nc3 g6 4. e4 Bg7 5. f3 O-O 6. Be3 Nfd7 7. Bd3 c5 8. Nge2
Nc6 9. Bc2 cxd4 10. Nxd4 Nxd4 11. Bxd4 Bxd4 12. Qxd4 Ne5 13. O-O Be6 14. b3 Nc6
15. Qe3 Qa5 16. Rae1 Rfc8 17. Kh1 Nb4 18. Bb1 Qc5 19. Qd2 a5 20. Na4 Qc7 21. f4
Bd7 22. Nc3 Bc6 23. f5 e6 24. Re3 Qe7 25. Rh3 f6 26. fxg6 hxg6 27. e5 fxe5 28.
Bxg6 Rf8 29. Rd1 Rf4 30. Ne2 Raf8 31. Nxf4 Rxf4 32. Qe2 Qf6 33. Kg1 e4 34. Qh5
Nd3 35. Rg3 Qd4+ 36. Kh1 Nf2+ 37. Kg1 Nh3+ 38. Kh1 Qg1+ 39. Rxg1 Nf2# 0-1

[Event "XII Weekend Nervi"]
[Site "Genova ITA"]
[Date "2005.02.06"]
[Round "3"]
[White "Cirabisi, Federico"]
[Black "Bario, Emilio"]
[Result "1-0"]
[WhiteElo "2107"]
[BlackElo "1688"]
[PlyCount "41"]
[EventDate "2005.02.05"]

1. e4 e5 2. Nc3 Nf6 3. f4 d6 4. Nf3 Be7 5. Bc4 Bg4 6. fxe5 dxe5 7. Bxf7+ Kxf7
8. Nxe5+ Ke8 9. Nxg4 Qd4 10. d3 Bb4 11. Nxf6+ Qxf6 12. Bd2 Rf8 13. Qe2 Nc6 14.
O-O-O Nd4 15. Qg4 Qc6 16. Qh5+ Kd7 17. a3 Be7 18. Rdf1 Rae8 19. Be3 Bf6 20.
Rxf6 Qxf6 21. Qd5+ 1-0

[Event "XII Weekend Nervi"]
[Site "Genova ITA"]
[Date "2005.02.06"]
[Round "3"]
[White "Denili, Fabio"]
[Black "Pesce, Gabriele"]
[Result "0-1"]
[WhiteElo "1446"]
[BlackElo "1802"]
[PlyCount "60"]
[EventDate "2005.02.05"]

1. e4 c5 2. Nf3 Nc6 3. d4 cxd4 4. Nxd4 e5 5. Nf3 Nf6 6. Nc3 Bb4 7. Bd3 d5 8.
exd5 Nxd5 9. Bd2 Nf4 10. O-O Nxd3 11. cxd3 Qxd3 12. Re1 Bd6 13. Ne4 Bc7 14. Re3
Qd8 15. Nc3 O-O 16. Qc2 Nd4 17. Qd1 Nxf3+ 18. gxf3 Qg5+ 19. Kf1 Bh3+ 20. Ke2
Rad8 21. Re4 Qg6 22. Qg1 Qa6+ 23. Ke1 Qd3 24. Be3 Ba5 25. Rc1 Rd6 26. Rxe5
Bxc3+ 27. bxc3 Rfd8 28. Bd4 Rg6 29. Rg5 Re6+ 30. Be3 Qd2# 0-1

[Event "XII Weekend Nervi"]
[Site "Genova ITA"]
[Date "2005.02.06"]
[Round "3"]
[White "Dormio, Luca"]
[Black "Mangili, Davide"]
[Result "0-1"]
[WhiteElo "1891"]
[BlackElo "1880"]
[PlyCount "38"]
[EventDate "2005.02.05"]

1. Nf3 Nf6 2. b3 d5 3. Bb2 e6 4. e3 Be7 5. c4 dxc4 6. Bxc4 b6 7. O-O O-O 8. d4
Bb7 9. Nbd2 Nbd7 10. Rc1 Ne4 11. Nxe4 Bxe4 12. Bd3 Bb7 13. Qe2 Nf6 14. Rfd1 Nd5
15. Ne5 Bd6 16. Nc4 Qg5 17. f4 Bxf4 18. exf4 Nxf4 19. Qd2 Bxg2 0-1

[Event "XII Weekend Nervi"]
[Site "Genova ITA"]
[Date "2005.02.06"]
[Round "3"]
[White "Gromovs, Sergejs"]
[Black "Bellani, Alessandro"]
[Result "1/2-1/2"]
[WhiteElo "2335"]
[BlackElo "1919"]
[PlyCount "110"]
[EventDate "2005.02.05"]

1. d4 Nf6 2. Nf3 d6 3. c4 g6 4. Nc3 Bg7 5. e4 O-O 6. Be2 e5 7. O-O Nc6 8. d5
Ne7 9. b4 a5 10. Ba3 axb4 11. Bxb4 b6 12. a4 Bg4 13. Nd2 Bxe2 14. Qxe2 Nh5 15.
g3 f5 16. exf5 Nxf5 17. Nce4 Qd7 18. Qd1 Bh6 19. Ra3 Nd4 20. Bc3 Rf7 21. Bxd4
exd4 22. Nf3 Re7 23. Neg5 c5 24. dxc6 Qxc6 25. Qxd4 Bg7 26. Qd5+ Qxd5 27. cxd5
b5 28. a5 b4 29. Ra4 Bc3 30. Rb1 Nf6 31. Ne6 Nxd5 32. Ned4 Bxd4 33. Nxd4 Nc3
34. Rbxb4 Nxa4 35. Rxa4 Rea7 36. Nb3 Kf7 37. Kf1 Ke6 38. Ke2 Rb8 39. Nd4+ Kd5
40. Kd3 Rb1 41. Kc2 Rf1 42. Nb5 Rxf2+ 43. Kd3 Raf7 44. Nc3+ Kc6 45. Rc4+ Kb7
46. Ne4 R7f3+ 47. Kd4 Rxh2 48. Nxd6+ Ka6 49. Rc6+ Kxa5 50. Nc4+ Ka4 51. Ra6+
Kb4 52. Rb6+ Ka4 53. Ra6+ Kb4 54. Rb6+ Ka4 55. Ra6+ Kb4 1/2-1/2

[Event "XII Weekend Nervi"]
[Site "Genova ITA"]
[Date "2005.02.06"]
[Round "3"]
[White "Squarci, Franco"]
[Black "Merani, Valerio"]
[Result "1-0"]
[WhiteElo "1873"]
[BlackElo "1583"]
[PlyCount "119"]
[EventDate "2005.02.05"]

1. Nf3 Nf6 2. c4 c5 3. Nc3 Nc6 4. e4 e5 5. d3 d6 6. Bg5 Be7 7. Be2 O-O 8. O-O
Ne8 9. Bxe7 Nxe7 10. h3 f5 11. Nd5 Nxd5 12. cxd5 Nf6 13. Nd2 b5 14. b3 Qe8 15.
a4 bxa4 16. bxa4 Qg6 17. f3 fxe4 18. fxe4 Bxh3 19. Rf2 Bg4 20. Nf3 Rf7 21. Nh4
Qh5 22. Nf5 Bxe2 23. Qxe2 Qxe2 24. Rxe2 Nxd5 25. Nxd6 Nf4 26. Rf2 Rd7 27. Nc4
Nxd3 28. Rf5 Re8 29. Na5 Rd4 30. Raf1 Rxe4 31. g3 Re1 32. Nc6 Rxf1+ 33. Kxf1 g6
34. Rf6 Kg7 35. Rd6 e4 36. Nxa7 Rf8+ 37. Ke2 Rf3 38. Nb5 Rxg3 39. a5 Rg2+ 40.
Ke3 Ra2 41. a6 c4 42. a7 Nc5 43. Kd4 e3 44. Kxc5 e2 45. Re6 c3 46. Rxe2 Rxe2
47. a8=Q c2 48. Qa1+ Kh6 49. Qc1+ Kg7 50. Nd4 Re8 51. Qxc2 Rc8+ 52. Nc6 h5 53.
Qc3+ Kh6 54. Qe3+ Kg7 55. Kd6 Rf8 56. Qe5+ Kh6 57. Ne7 Rd8+ 58. Ke6 Rd1 59. Qe4
Ra1 60. Qxg6# 1-0

[Event "XII Weekend Nervi"]
[Site "Genova ITA"]
[Date "2005.02.12"]
[Round "4"]
[White "Badano, Fabio"]
[Black "Squarci, Franco"]
[Result "0-1"]
[WhiteElo "1646"]
[BlackElo "1873"]
[PlyCount "116"]
[EventDate "2005.02.05"]

1. e4 c5 2. Nf3 Nc6 3. d4 cxd4 4. Nxd4 Nf6 5. Nc3 e5 6. Ndb5 d6 7. Bg5 a6 8.
Na3 Be7 9. Bxf6 Bxf6 10. Nd5 b5 11. c3 O-O 12. Nc2 Be6 13. Nce3 Bg5 14. Be2 Ne7
15. Nxe7+ Qxe7 16. Nd5 Qb7 17. Bg4 Bxd5 18. exd5 f5 19. Bh3 Qf7 20. O-O Qg6 21.
Qe2 Rac8 22. a4 Rc5 23. Rfd1 Rc4 24. axb5 axb5 25. Ra5 Re4 26. Qxb5 Rh4 27. Kh1
Qh5 28. Qf1 Bf4 29. Rda1 g5 30. Ra8 g4 31. Rxf8+ Kxf8 32. Ra8+ Kg7 33. Qb5 gxh3
34. Qd7+ Qf7 35. Qxf7+ Kxf7 36. g3 Bxg3 37. hxg3 Re4 38. Kh2 Re2 39. Ra7+ Kg6
40. Rb7 Rxf2+ 41. Kxh3 Rd2 42. c4 Rd3 43. Kg2 e4 44. Kf2 h5 45. Rb6 Kg5 46.
Rxd6 Rd2+ 47. Ke3 Rd3+ 48. Kf2 Rf3+ 49. Kg2 Rb3 50. c5 Rxb2+ 51. Kf1 Kg4 52.
Rg6+ Kf3 53. Ke1 e3 54. Kd1 Rd2+ 55. Kc1 Rxd5 56. c6 Rc5+ 57. Kd1 e2+ 58. Kd2
Rd5+ 0-1

[Event "XII Weekend Nervi"]
[Site "Genova ITA"]
[Date "2005.02.12"]
[Round "4"]
[White "Bario, Emilio"]
[Black "Astengo, Marcello"]
[Result "0-1"]
[WhiteElo "1688"]
[BlackElo "2074"]
[PlyCount "36"]
[EventDate "2005.02.05"]

1. d4 d5 2. Nf3 c5 3. c4 dxc4 4. Qa4+ Bd7 5. Qxc4 cxd4 6. Nxd4 e5 7. Nb5 Nc6 8.
e3 Rc8 9. N1c3 a6 10. Qb3 axb5 11. Bxb5 Nf6 12. O-O Be7 13. Bd2 O-O 14. a4 Be6
15. Qd1 Na5 16. Qe2 Nc4 17. Be1 Nd6 18. Rd1 Bb3 0-1